Uma luz na noite escura (Registo nº 34694)

Detalhes MARC
000 -Etiqueta do registo
Valores 00758nam a2200253 4500
010 ## - Número ISBN
ISBN 9789722542975
021 ## - Número do Depósito Legal
Código do país Portugal
Número 493021/21
100 ## - Dados gerais de processamento
Dados gerais 20220509d2022 m y0pory50030103ba
101 0# - Língua de publicação
Língua Português
102 ## - País de publicação
País Portugal
200 1# - Titulo e menção de responsabilidade
Título próprio Uma luz na noite escura
Informação de outro título a solidão e a capacidade de estar só
Primeira menção de responsabilidade João Carlos Melo
205 ## - Menção da edição
Edição 1ª. ed.
210 #9 - Publicação
Local de publicação Lisboa
Nome do editor Bertrand
Data de publicação 2022
215 ## - Descrição física 
Paginação / Volumes 191, [1] p.
Dimensões 24 cm
606 ## - Nome comum usado como assunto
ID Autoridade 5785
Palavra de ordem Emoções
Subdivisão assunto Solidão
675 ## - CDU
Notação 159.942
Edição BN
Língua por
675 ## - CDU
Notação 616.89-008.48
Edição BN
Língua por
700 ## - Autor principal
Apelido Melo
Nome João Carlos
ID Autoridade 5763
Função Autor
801 #0 - Fonte de origem
País PT
Agência BN
Regras de catalogação RPC
856 41 - Localização e acesso electrónico 
URL <a href="http://rnod.bnportugal.gov.pt/ImagesBN/winlibimg.aspx?skey=&doc=2099346&img=164861&save=true">http://rnod.bnportugal.gov.pt/ImagesBN/winlibimg.aspx?skey=&doc=2099346&img=164861&save=true</a>
090 ## - Tipo de documento
Koha biblioitem number (autogenerated) 34694
990 ## - Elementos KOHA
Tipo de documento Livro
994 ## - Estado da catalogação
Situação Completo
Exemplares
Situação do levantamento Situação do extravio Biblioteca de origem Biblioteca de empréstimo Código de barras Cota Permissão de empréstimo Tipo de documento Forma de aquisição
  Completo Biblioteca Municipal de Viana Do Alentejo Biblioteca Municipal de Viana Do Alentejo 0033963 159.9 MEL Disponível Livro  
  Completo Biblioteca Municipal de Viana Do Alentejo Biblioteca Municipal de Viana Do Alentejo Pólo Aguiar 0034002 159.9 MEL Disponível Livro  




Powered by Koha